Cynical anthropologies : (Record no. 75775)

MARC details
000 -LEADER
fixed length control field 00693nam a22002417a 4500
003 - CONTROL NUMBER IDENTIFIER
control field OSt
005 - DATE AND TIME OF LATEST TRANSACTION
control field 20220618094126.0
008 - FIXED-LENGTH DATA ELEMENTS--GENERAL INFORMATION
fixed length control field 220616b |||||||| |||| 00| 0 eng d
020 ## - INTERNATIONAL STANDARD BOOK NUMBER
Collection Number T278
040 ## - CATALOGING SOURCE
Transcribing agency STCPL
041 ## - LANGUAGE CODE
Language code of text/sound track or separate title English
082 ## - DEWEY DECIMAL CLASSIFICATION NUMBER
Classification number 820
Item number VAN-C
100 ## - MAIN ENTRY--PERSONAL NAME
Personal name Vani P.
110 ## - GUIDE
Theses guided by Guided by P. J. George
111 ## - REARCH CENTRE
University and Center Mahatma Gandhi University Kottayam, Department of English, St Thomas College Palai
245 ## - TITLE STATEMENT
Title Cynical anthropologies :
Remainder of title Portrait of 'Real' India in the mindscape of Arundhati Roy and Aravind Adiga /
Statement of responsibility, etc. by Vani P.
260 ## - PUBLICATION, DISTRIBUTION, ETC.
Place of publication, distribution, etc. Pala :
Date of publication, distribution, etc. July 2019
300 ## - PHYSICAL DESCRIPTION
Extent 188 p.
Other physical details Hard Back
650 ## - SUBJECT ADDED ENTRY--TOPICAL TERM
Topical term English
942 ## - ADDED ENTRY ELEMENTS (KOHA)
Koha item type Theses
942 ## - ADDED ENTRY ELEMENTS (KOHA)
Source of classification or shelving scheme Dewey Decimal Classification
942 ## - ADDED ENTRY ELEMENTS (KOHA)
Source of classification or shelving scheme Dewey Decimal Classification
Suppress in OPAC No
Holdings
Withdrawn status Lost status Source of classification or shelving scheme Damaged status Not for loan Collection code Home library Current library Shelving location Date acquired Total Checkouts Full call number Barcode Date last seen Price effective from Koha item type
    Dewey Decimal Classification     English ST. THOMAS COLLEGE LIBRARY, PALAI ST. THOMAS COLLEGE LIBRARY, PALAI Theses 2022-06-16   820 VAN-C T278 2022-06-16 2022-06-16 Theses
Rights reserved ©2021 ST. THOMAS COLLEGE LIBRARY
A joint venture of - St. Thomas College Library and
Department of Computer Science, St. Thomas Collge Palai